A dictionary of slang and unconventional English: colloquialisms and catch-phrases, solecisms and catachreses, nicknames, vulgarisms and such Americanisms as have been naturalized. (Record no. 3669)

000 -LEADER
fixed length control field 00994cam a2200277 4500
001 - CONTROL NUMBER
control field 4572978
003 - CONTROL NUMBER IDENTIFIER
control field OSt
005 - DATE AND TIME OF LATEST TRANSACTION
control field 20161018163452.0
008 - FIXED-LENGTH DATA ELEMENTS--GENERAL INFORMATION
fixed length control field 740402s1970 enk d 000 0 eng
010 ## - LIBRARY OF CONGRESS CONTROL NUMBER
LC control number 74160442
015 ## - NATIONAL BIBLIOGRAPHY NUMBER
National bibliography number GB70-22326 (v. 2)
020 ## - INTERNATIONAL STANDARD BOOK NUMBER
International Standard Book Number 0710019351 (v. 1)
040 ## - CATALOGING SOURCE
Original cataloging agency DLC
Transcribing agency DLC
Modifying agency DLC
050 00 - LIBRARY OF CONGRESS CALL NUMBER
Classification number REF PE3721.P322 1970
082 00 - DEWEY DECIMAL CLASSIFICATION NUMBER
Classification number 427/.09/03
100 1# - MAIN ENTRY--PERSONAL NAME
Personal name Partridge, Eric,
Dates associated with a name 1894-1979.
245 12 - TITLE STATEMENT
Title A dictionary of slang and unconventional English: colloquialisms and catch-phrases, solecisms and catachreses, nicknames, vulgarisms and such Americanisms as have been naturalized.
260 ## - PUBLICATION, DISTRIBUTION, ETC. (IMPRINT)
Place of publication, distribution, etc London,
Name of publisher, distributor, etc Routledge & K. Paul,
Date of publication, distribution, etc 1970.
300 ## - PHYSICAL DESCRIPTION
Extent 2 v.
Dimensions 26 cm.
350 ## - PRICE (NR) (BK AM CF MU VM SE) [OBSOLETE]
Price £11.00
505 0# - FORMATTED CONTENTS NOTE
Formatted contents note v. 1. The dictionary. 5th ed. 1961.--v. 2. The supplement. 7th rev. and enl. ed. 1970.
650 #0 - SUBJECT ADDED ENTRY--TOPICAL TERM
Topical term or geographic name as entry element English language
General subdivision Slang
-- Dictionaries.
650 #0 - SUBJECT ADDED ENTRY--TOPICAL TERM
Topical term or geographic name as entry element Americanisms
General subdivision Dictionaries.
906 ## - LOCAL DATA ELEMENT F, LDF (RLIN)
a 7
b cbc
c orignew
d 3
e ncip
f 19
g y-gencatlg
942 ## - ADDED ENTRY ELEMENTS (KOHA)
Source of classification or shelving scheme
Koha item type Reference material
Holdings
Withdrawn status Lost status Source of classification or shelving scheme Damaged status Not for loan Home library Current library Shelving location Date acquired Total Checkouts Full call number Barcode Date last seen Copy number Price effective from Koha item type
          Riara University Library Riara University Library General stack 18/10/2016   REF PE3721.P322 1970 8813/16 18/10/2016 C.1 18/10/2016 Reference material

Riara University Library,
P.O. Box 49940-00100,
Nairobi, Kenya.